LEADER 00987nam0-22003131i-450- 001 990006874770403321 005 20001010 035 $a000687477 035 $aFED01000687477 035 $a(Aleph)000687477FED01 035 $a000687477 100 $a20001010d--------km-y0itay50------ba 101 0 $aita 105 $ay-------001yy 200 1 $aInchiesta Massari sul brigantaggio$erelazioni Massari-Castagnola$fTommaso Pedio.$glettere e scritti di Aurelio Saffi$gosservazioni diPietro Rosano$gcritica della 210 $aManduria$cLacaita$d1998. 215 $a372 p.$d22 cm 225 1 $aMezzogiorno e cultura moderna$v7 610 0 $aBrigantaggio 676 $a945.7 700 1$aPedìo,$bTommaso$f<1917-2000>$0343128 801 0$aIT$bUNINA$gRICA$2UNIMARC 901 $aBK 912 $a990006874770403321 952 $aXIV B 1671$b33309$fFSPBC 959 $aFSPBC 996 $aInchiesta Massari sul brigantaggio$9267057 997 $aUNINA DB $aGEN01 LEADER 00886nam0-22003131i-450- 001 990003008910403321 005 20040503140841.0 035 $a000300891 035 $aFED01000300891 035 $a(Aleph)000300891FED01 035 $a000300891 100 $a20030910d1984----km-y0itay50------ba 101 0 $aita 102 $aIT 200 1 $a<>amministrazione responsabile$fGiorgio Freddi. 210 $aRoma$cAREL$dstampa 1984 215 $a47 p.$d21 cm 225 1 $aQuaderni istituzionali AREL$v2 610 0 $aAmministrazione pubblica$aItalia 676 $a19400 702 1$aFreddi,$bGiorgio$f<1932- > 712 2$aAREL$9 801 0$aIT$bUNINA$gRICA$2UNIMARC 901 $aBK 912 $a990003008910403321 952 $aA/6.0 FRE/84$b506$fSES 959 $aSES 996 $aAmministrazione responsabile$9468196 997 $aUNINA LEADER 00984nam0-22003251i-450- 001 990004242420403321 005 20070221110058.0 010 $a84-7738-306-5 035 $a000424242 035 $aFED01000424242 035 $a(Aleph)000424242FED01 035 $a000424242 100 $a19990604d1995----km-y0itay50------ba 101 0 $aspa 105 $aa-------00-y- 200 1 $aMANUAL de archivística$fAntonio Angel Ruiz Rodriguez, M. Elvira Sillera, Antonio B. Espinosa Ramirez ... [et al.] 210 $aMadrid$cSintesis$d1995 215 $a343 p.$cill.$d23 cm 610 0 $aArchivistica$aManuali 676 $a025.171$v21$zita 702 1$aElvira Sillera,$bMaria 702 1$aEspinosa Ramirez,$bAntonio B. 702 1$aRuiz Rodriguez,$bAntonio Angel 801 0$aIT$bUNINA$gRICA$2UNIMARC 901 $aBK 912 $a990004242420403321 952 $a025.17 SIL 1$bBibl.25748$fFLFBC 959 $aFLFBC 996 $aMANUAL de archivística$9481226 997 $aUNINA LEADER 01032nam--2200361---450- 001 990001460230203316 005 20051010102721.0 035 $a000146023 035 $aUSA01000146023 035 $a(ALEPH)000146023USA01 035 $a000146023 100 $a20040227d1969----km-y0itay0103----ba 101 0 $aita 102 $aIT 105 $aa|||||||001yy 200 1 $aElementi di statistica psicometrica$fGiuliano Cruciani 210 $aFirenze$cEdizioni OS$d1969 215 $a82 p.$cill.$d24 cm 410 0$12001 454 1$12001 461 1$1001-------$12001 606 0 $aStatistica psicometrica 700 1$aCRUCIANI,$bGiuliano$0539241 801 0$aIT$bsalbc$gISBD 912 $a990001460230203316 951 $aII.3. 1055(VIps A 353)$b57334 L.M.$cVIps A 959 $aBK 969 $aUMA 979 $aSIAV4$b10$c20040227$lUSA01$h1334 979 $aPATRY$b90$c20040406$lUSA01$h1742 979 $aCOPAT2$b90$c20051010$lUSA01$h1027 996 $aElementi di statistica psicometrica$9859826 997 $aUNISA LEADER 01397nam--2200409---450- 001 990002846240203316 005 20100114103839.0 010 $a2-275-02544-8-2 035 $a000284624 035 $aUSA01000284624 035 $a(ALEPH)000284624USA01 035 $a000284624 100 $a20061218d2004----km-y0itay50------ba 101 $afre 102 $aFR 105 $a||||||||001yy 200 1 $aÉtude critique de la notion d'opposabilitè$eles effets du contract à l' égard des tiers en droit français et allemand$fRobert Wintgen$gPréface de Jacques Ghestin 210 $aParis$cL.G.D.J.$dcopyr. 2004 215 $aXII, 402 p.$d24 cm 225 2 $aBibliothèque de droit privé$v426 410 0$12001$aBibliothèque de droit privé$v426 454 1$12001 461 1$1001-------$12001 606 0 $aContratti a favore di terzi$yFrancia 606 0 $aContratti a favore di terzi$yGermania 676 $a346.44022 700 1$aWINTGEN,$bRobert$0595412 702 1$aGHESTIN,$bJacques 801 0$aIT$bsalbc$gISBD 912 $a990002846240203316 951 $aXXV.1. Coll. 31/ 31 (COLL PHY 426)$b53273 G.$cXXV.1. Coll. 31/ 31 (COLL PHY)$d00209528 959 $aBK 969 $aGIU 979 $aFIORELLA$b90$c20061218$lUSA01$h1328 979 $aRSIAV2$b90$c20100114$lUSA01$h1038 996 $aÉtude critique de la notion d'opposabilitè$9992449 997 $aUNISA LEADER 01494nam--2200445---450- 001 990002378290203316 005 20161122103600.0 035 $a000237829 035 $aUSA01000237829 035 $a(ALEPH)000237829USA01 035 $a000237829 100 $a20161122d2004----km-y0itay50------ba 101 2 $aita fre 102 $aIT 105 $ay|||||||001yy 200 1 $aAntologia della poesia francese$fa cura di Michela Landi$gintroduzione di Ruggero Campagnoli 210 $aRoma$cGruppo editoriale L'Espresso$d2004 215 $a960 p.$d23 cm 225 2 $a<> biblioteca di Repubblica$iPoesia straniera$v11 300 $aTitolo nell'occhietto: Poesia francese 300 $aTesto originale a fronte 300 $aSupplemento a: La Repubblica 410 0$12001$a<> biblioteca di Repubblica$iPoesia straniera$v11 512 1 $aPoesia straniera 606 0 $aPoesia francese$xAntologie$2BNCF 676 $a841.008 702 1$aLANDI,$bMichela 702 1$aCAMPAGNOLI,$bRuggero 801 0$aIT$bsalbc$gISBD 912 $a990002378290203316 951 $aVI.4.A. 1969$b253784 L.M.$cVI.4.$d392420 959 $aBK 969 $aUMA 979 $aSIAV1$b10$c20050125$lUSA01$h1452 979 $aANNAMARIA$b90$c20161122$lUSA01$h0957 979 $aANNAMARIA$b90$c20161122$lUSA01$h0958 979 $aANNAMARIA$b90$c20161122$lUSA01$h1012 979 $aANNAMARIA$b90$c20161122$lUSA01$h1036 996 $aAntologia della poesia francese$91491374 997 $aUNISA LEADER 01093nam a2200265 i 4500 001 991003925579707536 005 20030107111707.0 008 021106s2001 uk ||| | eng 020 $a0521626463 035 $ab11883686-39ule_inst 035 $aEXGIL149561$9ExL 040 $aDip.to Filol. Ling. e Lett.$bita 082 0 $a418.0078 100 1 $aChapelle, Carol A.$0532471 245 10$aComputer applications in second language acquisition :$bfoundations for teaching, testing and research /$cCarol A. Chapelle 260 0 $aCambridge :$bCambridge university press,$c2001 300 $axv, 216 p. ;$c23 cm. 440 4$aThe Cambridge applied linguistics series 650 4$aLingue$xImpiego degli elaboratori elettronici - Insegnamento 907 $a.b11883686$b21-09-06$c07-01-03 912 $a991003925579707536 945 $aLE008 L.L.I.D B VI 65$g1$i2008000049409$lle008$o-$pE0.00$q-$rl$s- $t0$u0$v0$w0$x0$y.i12140041$z07-01-03 996 $aComputer applications in second language acquisition$9902734 997 $aUNISALENTO 998 $ale008$b01-01-02$cm$da $e-$feng$guk $h0$i1